000 00717nam a2200193 4500
005 20100329133547.0
008 730710t19731971nyu 000 0 eng
020 _a9788123755564
_c60.00
037 _bTarun Books
040 _adpl
_bEnglish
245 _aGandhi Patel:
_ccompiled by Neerja Singh
_bletters and speeches differences within consensus /
260 _aNew Delhi
_bNational Book Trust
_c2009
270 _aNehru Bhawan, 5 Industrial Area, Phase-II, Vasant Kunj,
_bNew Delhi
_e110070
300 _axix, 203p.
_c24 cm(pbk)
700 _aNeerja Singh
942 _2ddc
_cEN
_mGAN
999 _c34907
_d34907